Most Populous U.S. Metro Areas as a Percentage of the State - Statistics

General Stats
  • This quiz has been taken 3,338 times
    1,534 since last reset
  • The average score is 36 of 44
Answer Stats
% State Metro Area % Correct
74.3 New Jersey New York
99%
64.4 New York New York
99%
33.0 California Los Angeles
95%
51.8 Washington Seattle
95%
57.0 Georgia Atlanta
94%
63.7 Massachusetts Boston
94%
32.4 New Hampshire Boston
94%
68.0 Illinois Chicago
94%
27.6 Florida Miami
94%
46.7 Oregon Portland
94%
40.5 Maine Portland
94%
68.2 Arizona Phoenix
93%
56.5 Delaware Philadelphia
92%
32.4 Pennsylvania Philadelphia
92%
43.3 Michigan Detroit
91%
51.1 Colorado Denver
90%
73.1 Nevada Las Vegas
90%
69.0 Hawaii Honolulu
89%
62.2 Minnesota Minneapolis
89%
41.4 Maryland Washington D.C.
89%
35.6 Virginia Washington D.C.
89%
26.5 Texas Dallas
87%
31.1 Kansas Kansas City
87%
27.2 Louisiana New Orleans
87%
31.3 Indiana Indianapolis
86%
100.0 Rhode Island Providence
86%
54.6 Alaska Anchorage
85%
29.0 Tennessee Nashville
85%
36.3 Oklahoma Oklahoma City
85%
37.5 Utah Salt Lake City
85%
34.4 Missouri St. Louis
83%
43.5 New Mexico Albuquerque
82%
46.0 Maryland Baltimore
82%
41.8 Idaho Boise
81%
26.5 Wisconsin Milwaukee
81%
43.4 Nebraska Omaha
75%
31.9 Connecticut Hartford
67%
31.9 South Dakota Sioux Falls
56%
25.7 Oklahoma Tulsa
55%
35.2 Vermont Burlington
49%
30.6 New Hampshire Manchester
48%
28.3 Connecticut New Haven
46%
26.2 Connecticut Bridgeport
43%
25.1 Delaware Salisbury
3%
No matching quizzes found
Score Distribution
Percent of People with Each Score
Percentile by Number Answered
Your Score History
You have not taken this quiz since the last reset